Trends in Trade in Counterfeit and Pirated Goods

Gespeichert in:
Bibliographische Detailangaben
Format: Buch
Sprache:Englisch
Veröffentlicht: Paris OECD 2019
Schriftenreihe:Illicit Trade
Schlagworte:
Tags: Tag hinzufügen
Keine Tags, Fügen Sie das erste Tag hinzu!

MARC

LEADER 00000nam a2200000 4500
001 0262660
005 20221220065319.0
020 |a 978-92-64-31249-4 
041 0 |a eng 
044 |a FR 
245 1 0 |a Trends in Trade in Counterfeit and Pirated Goods 
264 1 |a Paris  |b OECD  |c 2019 
300 |a 83 s. 
490 1 |a Illicit Trade 
830 0 |a Illicit Trade 
610 2 0 |a obchod nezákonný 
610 2 0 |a obchod svetový 
610 2 0 |a falzifikáty 
610 2 0 |a tovar 
610 2 0 |a štúdie prípadové 
610 2 0 |a porovnanie štatistické medzinárodné 
610 2 0 |a Európska únia